Statistics for First 5 Terms of Integer Sequences

Click here to take the quiz!

General Stats

  • This quiz has been taken 23 times
  • The average score is 9 of 14

Answer Stats

SequenceFirst 5 Terms% Correct
Squares1 4 9 16 25
100%
Powers of 21 2 4 8 16
87%
Fibonacci1 1 2 3 5
80%
Multiples of 1313 26 39 52 65
80%
Primes2 3 5 7 11
80%
Cubes1 8 27 64 125
73%
Factorials1 1 2 6 24
67%
Factors of 421 2 3 6 7
67%
Powers of 41 4 16 64 256
67%
3-digit squares100 121 144 169 196
60%
Binary numbers1 10 11 100 101
53%
Composites4 6 8 9 10
53%
Odd composites9 15 21 25 27
47%
Abundant numbers12 18 20 24 30
13%

Score Distribution

Percentile by Number Answered

Percent of People with Each Score

Your Score History

You have not taken this quiz